000 00485 a2200169 4500
005 20250428174137.0
020 _a978-0-07-353043-7
082 _a658 JON
100 _aJONES, G. R.
245 _aContemporary Management
250 _a 6th Ed
260 _aNew York,
_bMcGraw- Hill,
_c2009.
300 _aXl, 730p.: ill.; figure, picture
_bGlossary & Index
_c28cm
700 _aGEOGRE, J. M.
856 _yAccess Online Book
_fManagement
_dwww.mhhe.com/ jonesgeogre6e
942 _2ddc
_cBKS
999 _c1742
_d1742